000 00478nam a2200169Ia 4500
005 20250508155856.0
008 008 250505s9999 xx 000 0 eng d
037 _aBooks to be hide in OPAC
040 _aFEDL
_beng
_cFEDL
041 _aeng
_2eng
084 _a372, AND/O
_qFEDL
100 _aAnderson Anne
_9767754
245 0 _aAndersen's fairy tales
260 _aLondon, UK
_bCollins Clear-Type Press
942 _cHB
_h372, AND/O
999 _c1359789
_d1359789